The Outsiders Quiz Stats

 Plays Quiz Updated Mar 18, 2020

Support Sporcle.
Go Orange.
Score 0/7 Timer 05:00
0 Plays Today
Name % Correct
Ponyboy Curtis
97.2%
Sodapop Curtis
88%
Johnny Cade
82.3%
Dallas Winston
80.9%
Darry Curtis
74.1%
Two-Bit Mathews
72%
Steve Randle
67.5%

From the Vault

Countries by Capitals: North America

by PrincessMartell

You'll have to be a geography expert to get all those tiny Caribbean islands.
Remove Ads.
Support Sporcle.
Get the best of Sporcle when you Go Orange. This ad-free experience offers more features, more stats, and more fun while also helping to support Sporcle. Thank you for becoming a member.

Show Comments

Extras

Top Quizzes Today


Score Distribution

Your Account Isn't Verified!

In order to create a playlist on Sporcle, you need to verify the email address you used during registration. Go to your Sporcle Settings to finish the process.

Report this User

Report this user for behavior that violates our Community Guidelines.

Details: